| 000 | 00828cab a2200265 4500 | ||
|---|---|---|---|
| 001 | ABS58458 | ||
| 008 | 090401t1998 xxu||||| |||| 00| 0 eng d | ||
| 035 | _a(Sirsi) u85306 | ||
| 041 | _aeng | ||
| 245 | _aUps and downs of turnover rents | ||
| 260 | _c1998 | ||
| 350 | _a0 | ||
| 490 |
_aEstates Gazette _v(9812) 21 March 1998, 127-129(3) |
||
| 520 | _aA Mainly for Students article examining the topic of turnover rents. Looks at the basis and effects of turnover rents, profitability and investment value and lease terms. | ||
| 650 | _aINVESTMENT VALUE | ||
| 650 | _aLEASE TERMS | ||
| 650 | _aPROFITABILITY | ||
| 650 | _aRETAIL PROPERTIES | ||
| 650 | _aRETAIL UNITS | ||
| 650 | _aSHOPPING CENTRES | ||
| 650 | _aTURNOVER RENTS | ||
| 690 | _aPROPERTY-LANDLORD AND TENANT | ||
| 942 | _n0 | ||
| 948 | _c30/03/1998 | ||
| 999 |
_c53634 _d53634 |
||